Les MVs les plus vues de Enhypen (avril 2026) - Statistiques

Statistiques générales
  • Ce quiz a été pris 281 fois
    28 depuis la dernière actualisation
  • Le résultat moyen est 20 sur 30
Statistiques - réponses
Date de sortie Nombre de vues MV % Correct
19 mai 2021 136 M Fever
100%
22 mai 2023 193 M Bite Me
96%
4 septembre 2023 5,8 M Bite Me (Japanese Version)
96%
12 juillet 2024 58 M Xo (Only If You Say Yes)
96%
26 avril 2021 164 M Drunk-Dazed
93%
16 janvier 2025 40 M Knife
93%
30 novembre 2020 94 M Given-Taken
85%
5 juillet 2021 10 M Given-Taken (Japanese Version)
85%
11 novembre 2024 89 M No Doubt
81%
14 février 2026 5,9 M Big Girls Don't Cry
78%
17 novembre 2023 91 M Sweet Venom
78%
12 octobre 2021 58 M Tamed-Dashed
74%
2 mai 2022 6,7 M Tamed-Dashed (Japanese Version)
74%
31 juillet 2024 56 M Brought The Heat Back
70%
22 juin 2025 19 M Outside
70%
4 juillet 2022 55 M Future Perfect (Pass The Mic)
67%
25 octobre 2022 5,6 M Future Perfect (Pass The Mic - Japanese Version)
67%
5 juin 2025 47 M Bad Desire (With Or Without You)
63%
10 janvier 2022 69 M Blessed-Cursed
59%
29 juillet 2021 66 M Hey Tayo
59%
20 décembre 2020 56 M Let Me In (20 Cube)
59%
20 juillet 2022 56 M Paradoxxx Invasion
59%
7 juin 2023 33 M Sacrifice (Eat Me Up)
56%
3 décembre 2023 6,8 M Orange Flower (You Complete Me)
52%
11 aout 2021 35 M Billy Poco
48%
14 février 2026 2,8 M No Way Back (feat So!Yoon!)
48%
11 aout 2024 6,7 M Highway 1009
30%
27 juillet 2025 9,2 M Shine On Me
30%
18 octobre 2024 4,3 M Home
26%
11 juillet 2023 24 M One And Only
19%
Aucun quiz correspondant
Distribution des résultats
% des personnes avec chaque résultat
Percentile par nombre de réponses
Votre historique - résultats
Vous n’avez pas pris ce quiz depuis la dernière actualisation